000 00392nam a22001697a 4500
999 _c10694
_d10694
003 OSt
008 210703b ||||| |||| 00| 0 eng d
020 _a9789386551870
082 _a620.0042 SAA
100 _aSAGAR,Linkan
245 _aAutoCad 2018 Training Guide
250 _a1st
260 _aNew Delhi
_bBPB Publications
_c2018
300 _a178
650 _aDE
_93
942 _2ddc
_cBK